000
00320 a2200109 4500
001
ART_18026
005
20260410161656.0
008
260409a
245
1
0
_a
Lavado de dinero y evasión impositiva
100
1
_a
Mecikovsky, Jaime L.
773
0
_t
Práctica profesional
_g
- Nº 125 (sep. 2010)
_w
REV542
999
_c
14751
_d
14751